04130cam a22003978i 450000100090000000300050000900500170001400800410003101000170007202000310008904000290012004200080014905000210015708200210017810000680019924500970026726300090036426400380037330000490041133600260046033700280048633800270051450400510054150514620059252011650205465000190321965000240323865000290326270000550329170000300334677601260337690600450350294200440354795201240359199900170371521407726CSPC20250221105838.0200129s2020 nyu b 001 0 eng  a 2020004573 a9780367444761q(paperback) aDLCbengerdacDLCdCSPC apcc00aHM831b.A54 202000a303.4bH637m2231 aHites Anderson, Jeanne L.,c(Author of Making change),eauthor.10aMaking change :bfacilitating community action /cJeanne L. Hites Anderson and Maurine Pyle. a2007 1aNew York, NY :bRoutledge,c2021. axxxiii, 364 pages :billustrations ;c23 cm. atextbtxt2rdacontent aunmediatedbn2rdamedia avolumebnc2rdacarrier aIncludes bibliographical references and index.0 aStage 1: Issue awareness -- The beginning -- Reflect, observe and wonder abstract -- Detours -- Stage 2: Getting to know you -- Reflective facilitation -- Calling the first and subsequent meetings -- Recruit and retain volunteers -- Clearing mental space for facilitation -- Building rapport and unity -- Stage 3: Information seeking -- Mental models and frameworks -- Spectrum of attitudes -- What's happening now? -- Visioning -- Change resistance and readiness -- Wondering and hypothesis testing -- Planning perspectives -- Force field analysis: upsetting the equilibrium -- Identifying the play and the players in a community -- Getting grounded: collecting data together -- Stage 4: Facilitation of planning -- Getting started on planning for change -- Where are we going and how will we get there? strategies and tactics -- Effective learning objectives -- Not tin cups: fundraising and stewardship -- Building alliances and collaboration -- Choreography of conversation -- Setting the stage for productive meetings -- Listening deeply -- Observing the action -- Asking good questions -- Trouble on the team -- Stage 5: Community development -- Choosing and developing a solution -- Communication -- Programs -- Policy change -- Physical environment -- Support -- Monitoring and managing change -- Stage 6: Evaluation and conclusion -- Leadership, sustainability and renewal -- Evaluation -- Disengagement: it's been nice, but I really must be going. a"Every community has issues or opportunities that need to be addressed. The expert knowledge of community members could be the key to creating lasting change. By making community members into facilitators, Making Change: Facilitating Community Action suggests they can guide community members through the process of making change and to help them determine their goals and methods. The aim of this book is to enable facilitators to identify concerns, address, enable and foster change at the local level through effective facilitation. This book follows a six-stage model for creating change. Beginning with issue awareness, it continues through getting to know the team they are working with, seeking information on the issue and community, through facilitating the planning and community development through evaluation. This book focuses on the human side of the change process while also teaching the practical skills necessary for individuals to reach their goal. Making Change is for people interested in making change to improve their community, including students, community activists, local government and educational leaders"--cProvided by publisher. 0aSocial change. 0aGroup facilitation. 0aPolitical participation.1 aPyle, Maurinec(Author of Making change),eauthor.1 aPyle, Nick,eillustrator.08iOnline version:aAnderson, Jeanne.tMaking changedNew York, NY : Routledge Books, 2020.z9781003009962w(DLC) 2020004574 a7bcbccorignewd1eecipf20gy-gencatlg 2ddccBKe23h303.4iH637mkCIRm2021n0 00102ddc4070aCSPCbCSPCcCIRd2025-02-21l0oCIR 303.4 H637m 2021p029025r2025-02-21 10:55:58t1-1w2025-02-21yBK c28905d28905